[Event "Charlotte Fall-IM 2019"]
[Site "Charlotte"]
[Date "2019.11.29"]
[Round "4.5"]
[White "Shen, Christopher"]
[Black "Zhou, Liran"]
[Result "1/2-1/2"]
[WhiteElo "2306"]
[BlackElo "2314"]
[Annotator "ChessBase"]
[PlyCount "72"]
[EventDate "2019.11.28"]
[EventType "tourn"]
[EventCountry "USA"]
[SourceTitle "playchess.com"]
[Source "ChessBase"]
[SourceQuality "1"]
[TimeControl "5400+30"]

1. d4 {[%emt 1:30:30]} Nf6 {[%emt 1:30:30]} 2. c4 {[%emt 0:00:30]} g6 {[%emt 0:00:30]} 3. g3 {[%emt 0:00:30]} Bg7 {[%emt 0:00:30]} 4. Bg2 {[%emt 0:00:30]} O-O {[%emt 0:00:30]} 5. Nc3 {[%emt 0:00:30]} d6 {[%emt 0:00:30]} 6. Nf3 {[%emt 0:00:30]} Nc6 {[%emt 0:00:30]} 7. O-O {[%emt 0:00:30]} a6 {[%emt 0:00:30]} 8. b3 {[%emt 0:00:30]} Rb8 {[%emt 0:00:30]} 9. d5 {[%emt 0:00:30]} Na5 {[%emt 0:00:30]} 10. Bg5 {[%emt 0:00:30]} c5 {[%emt 0:00:30]} 11. dxc6 {[%emt 0:00:30]} Nxc6 {[%emt 0:00:30]} 12. Rc1 {[%emt 0:00:30]} Bd7 {[%emt 0:00:30]} 13. Nd5 {[%emt 0:00:30]} Ne4 {[%emt 0:00:30]} 14. Be3 {[%emt 0:00:30]} e6 {[%emt 0:00:30]} 15. Nb6 {[%emt 0:00:30]} Be8 {[%emt 0:00:30]} 16. a3 {[%emt 0:00:30]} Bb2 {[%emt 0:00:30]} 17. Rb1 {[%emt 0:00:30]} Bxa3 {[%emt 0:00:30]} 18. Qc2 {[%emt 0:00:30]} f5 {[%emt 0:00:30]} 19. h4 {[%emt 0:00:30]} Nb4 {[%emt 0:00:30]} 20. Qd1 {[%emt 0:00:30]} Nc3 {[%emt 0:00:30]} 21. Qd2 {[%emt 0:00:30]} Ne4 {[%emt 0:00:30]} 22. Qd1 {[%emt 0:00:30]} Nc6 {[%emt 0:00:30]} 23. Ng5 {[%emt 0:00:30]} Nxg5 {[%emt 0:00:30]} 24. hxg5 {[%emt 0:00:30]} Bb4 {[%emt 0:00:30]} 25. Qc1 {[%emt 0:00:30]} Bc5 {[%emt 0:00:30]} 26. Na4 {[%emt 0:00:30]} Nd4 {[%emt 0:00:30]} 27. Nc3 {[%emt 0:00:30]} a5 {[%emt 0:00:30]} 28. Qd2 {[%emt 0:00:30]} Qb6 {[%emt 0:00:30]} 29. Na4 {[%emt 0:00:30]} Bxa4 {[%emt 0:00:30]} 30. bxa4 {[%emt 0:00:30]} Qa7 {[%emt 0:00:30]} 31. Bxd4 {[%emt 0:00:30]} Bxd4 {[%emt 0:00:30]} 32. Rb5 {[%emt 0:00:30]} Bc5 {[%emt 0:00:30]} 33. Rxa5 {[%emt 0:00:30]} Qb6 {[%emt 0:00:30]} 34. Rb5 {[%emt 0:00:30]} Qa7 {[%emt 0:00:30]} 35. Ra5 {[%emt 0:00:30]} Qb6 {[%emt 0:00:30]} 36. Rb5 {[%emt 0:00:30]} Qc7 {[%emt 0:00:30]} 1/2-1/2

[Event "Charlotte Fall-IM 2019"]
[Site "Charlotte"]
[Date "2019.11.30"]
[Round "5.1"]
[White "Martin Del Campo C., Roberto"]
[Black "Francisco, Richard"]
[Result "1-0"]
[WhiteElo "2314"]
[BlackElo "2281"]
[Annotator "TA"]
[PlyCount "65"]
[EventDate "2019.11.28"]
[EventType "tourn"]
[EventCountry "USA"]
[SourceTitle "playchess.com"]
[Source "ChessBase"]
[SourceQuality "1"]

{[%evp 24,65,56,49,27,25,34,20,31,31,27,25,20,27,44,32,59,59,59,59,59,59,59,59,59,59,60,60,81,81,81,81,91,85,85,85,85,85,88,87,88,88,258,252]} 1. e4 e5 2. Nf3 Nc6 3. Bb5 a6 4. Ba4 Nf6 5. d4 exd4 6. O-O Be7 7. e5 Ne4 8. Nxd4 O-O 9. Nf5 d5 10. Bxc6 bxc6 11. Nxe7+ Qxe7 12. Re1 f6 13. f3 Ng5 $1 {C84: Closed Ruy Lopez: Unusual White 6th moves} 14. exf6 (14. b3 Qf7 15. Bxg5 fxg5 16. Nc3 Qg6 17. Na4 g4 18. fxg4 Bxg4 19. Qd2 Rae8 20. Nc5 Bc8 21. Re2 {½-½ (54) Rosito,J (2424)-Szmetan,J (2401) Buenos Aires 2004}) 14... Qxf6 15. Nc3 {[%cal Bb1c3,Bc3e2,Be2d4][%mdl 32] aiming for Nxd5!} Rb8 {The position is equal.} 16. Ne2 $146 ({Predecessor:} 16. Bxg5 Qxg5 17. b3 Bh3 18. Qe2 Rb4 19. Kh1 Qf6 20. Na4 Bc8 21. Qe7 {½-½ (50) Vatunen,M-Marjamaeki,K Finland 1975}) 16... Re8 17. Bxg5 Qxg5 18. Qd4 Bf5 19. c4 Qe3+ 20. Qxe3 Rxe3 21. Nd4 {[%mdl 64] [#] Double Attack} Rxe1+ 22. Rxe1 $14 {[%mdl 4096] Endgame KRB-KRN} Bg6 23. Nxc6 Rxb2 24. cxd5 Bf7 25. a4 Kf8 26. Re7 Bxd5 27. Rxc7 Rb1+ 28. Kf2 Ra1 29. Nb4 Bf7 30. Nxa6 Rxa4 31. Nc5 Ra2+ 32. Kg3 {Threatens to win with Nd7+.} Rb2 $2 {[#]} (32... Re2 $16 {was called for.}) 33. Nd7+ $1 {Accuracy: White = 97%, Black = 52%.} 1-0

[Event "Charlotte Fall-IM 2019"]
[Site "Charlotte"]
[Date "2019.11.30"]
[Round "5.2"]
[White "Jacobson, Aaron"]
[Black "Shen, Christopher"]
[Result "0-1"]
[WhiteElo "2301"]
[BlackElo "2306"]
[Annotator "TA"]
[PlyCount "54"]
[EventDate "2019.11.28"]
[EventType "tourn"]
[EventCountry "USA"]
[SourceTitle "playchess.com"]
[Source "ChessBase"]
[SourceQuality "1"]

{[%evp 19,54,54,74,81,83,64,60,63,93,104,120,-1,0,0,0,0,-1,-41,-33,-69,-61,-463,-463,-463,-463,-776,-774,-944,-944,-892,-866,-6812,-6760,-3103,-3080,-29990,-617]} 1. d4 d6 2. e4 g6 3. Nc3 Bg7 4. f4 Nf6 5. Nf3 O-O 6. Bd3 c5 7. dxc5 dxc5 8. e5 Nd5 9. Nxd5 Qxd5 10. Qe2 Nc6 11. Be4 {B09: Pirc Defence: Austrian Attack} Qd8 (11... Qd7 12. Be3 b6 13. Rd1 Qc7 14. O-O Bb7 15. c3 Rad8 16. Rde1 Qc8 17. Qc2 Ba6 18. Rf2 e6 19. Qa4 Ne7 {1-0 (51) Deac,B (2594)-Issa,R (2388) Batumi 2018}) 12. Bxc6 bxc6 13. O-O {White is slightly better.} Rb8 $146 ({Predecessor:} 13... Qb6 14. Kh1 c4 15. Re1 Be6 16. a4 Bd5 17. Ra3 a5 18. Re3 e6 {1-0 (49) Alikulov,E (2418)-Aliyev,R (2070) Moscow 2015}) 14. b3 Qa5 15. c4 ({White should play} 15. Bd2 $16 Qb5 16. c4) 15... Rxb3 $1 $11 16. axb3 Qxa1 17. Be3 Qa3 18. Nd2 Rd8 19. Rd1 Bf5 20. Nb1 $2 {[%mdl 8192]} ({Better is} 20. Nf1 $15 Rxd1 21. Qxd1) 20... Rxd1+ $19 21. Qxd1 {[#]} Qa1 $1 22. Qd8+ (22. Bxc5 $142 Qxb1 23. Qxb1 Bxb1 24. Bxe7) 22... Bf8 23. Bxc5 Qxb1+ {[%mdl 64] Double Attack} 24. Kf2 Qc2+ 25. Kg1 Be4 {[%csl Ge4][%cal Rc2g2] [#]} 26. Kf1 Bd3+ 27. Kg1 Qc1+ (27... Qd1+ $142 28. Kf2 Qe2+ 29. Kg3 Be4 30. Bf2 Qf1 31. Qxf8+ Kxf8 32. Bc5 Qxg2+ 33. Kh4 Bf5 34. Bxe7+ Kxe7 35. h3 Qxh3+ {[%mdl 64] Double Attack} 36. Kg5 h6#) 0-1

[Event "Charlotte Fall-IM 2019"]
[Site "Charlotte"]
[Date "2019.11.30"]
[Round "5.3"]
[White "Zhou, Liran"]
[Black "Gauri, Shankar"]
[Result "0-1"]
[WhiteElo "2314"]
[BlackElo "2340"]
[Annotator "TA"]
[PlyCount "76"]
[EventDate "2019.11.28"]
[EventType "tourn"]
[EventCountry "USA"]
[SourceTitle "playchess.com"]
[Source "ChessBase"]
[SourceQuality "1"]

{[%evp 14,76,35,14,27,12,43,21,21,27,34,15,30,-38,-42,-38,-24,-41,-30,-37,-25,-25,-35,-48,-49,-49,-49,-49,-49,-45,0,0,0,0,0,-26,0,-77,-29,-68,-71,-76,0,0,0,0,0,-184,-185,-168,-83,-347,-302,-272,-234,-344,-283,-395,-334,-588,-622,-686,-673,-915,-838]} 1. e4 c6 2. d4 d5 3. Nd2 dxe4 4. Nxe4 Nf6 5. Nxf6+ exf6 6. c3 Bd6 7. Bd3 O-O 8. Qc2 Re8+ {B15: Caro-Kann: 3 Nc3: 3...g6 and 3...dxe4 4 Nxe4 Nf6 5 Nxf6+ exf6} 9. Ne2 (9. Be3 h6 10. Ne2 Na6 11. O-O Nc7 12. c4 Bg4 13. h3 Bxe2 14. Bxe2 Ne6 15. Rad1 Qc7 16. Bg4 Rad8 17. Rfe1 Bf4 18. Bxf4 Nxf4 19. Rxe8+ Rxe8 {½-½ (58) Svidler,P (2756)-Carlsen,M (2839) Porto Carras 2018}) 9... h5 (9... f5 $5) 10. Be3 Nd7 {The position is equal.} 11. O-O-O Nf8 12. Kb1 Be6 13. Nf4 (13. c4 $11) 13... Bxf4 $15 14. Bxf4 b5 15. f3 {[#]} Qd7 $146 ({Predecessor:} 15... Qd5 16. b3 {0-1 (41) Utiatskaja,I (2246)-Mozharov,M (2549) Moscow 2019}) 16. h3 a5 {[%cal Ba7a5,Ba5a4][%mdl 32]} 17. b3 h4 18. Rhg1 Ng6 19. Bc1 a4 20. b4 $1 Ne7 21. g3 Bc4 22. Bxc4 bxc4 23. gxh4 Qxh3 24. Rdf1 Qf5 25. Qe4 (25. Rg2 $11) 25... Qh7 26. Rg2 Nf5 $36 {[%mdl 2048] Keeping White busy.} 27. Qc2 Ne3 (27... Qh5 $17) 28. Bxe3 $1 $11 Rxe3 29. Rfg1 g6 30. a3 $2 {[#]} (30. Qf5 $1 $11 {and White stays safe.} Qxh4 31. Rxg6+ fxg6 32. Qxg6+ Kf8 33. Qg7+ Ke8 34. Qg8+ {[%mdl 64] Double Attack} Kd7 35. Qxa8 Re1+ 36. Rxe1 Qxe1+ {[%mdl 64] Double Attack} 37. Kc2) 30... Qh5 $19 (30... Rxf3 31. Qe4 $15) 31. Kb2 Rae8 ({Resist} 31... Rxf3 32. Qe2 $15) (31... Qxf3 $19 32. Rf2 Qh5) 32. Kb1 $2 {[%mdl 8192]} (32. Rf1 $17) 32... Kg7 33. Kb2 R8e6 ({Weaker is} 33... Rxf3 34. Qxa4 Qxh4 35. Qc2 $17) 34. Kb1 (34. Rf1 $142 Qxh4 35. Rff2) 34... Kf8 ({Stronger than} 34... Qxh4 35. Rxg6+ Kf8 36. R6g2 $11) 35. d5 Qxd5 36. h5 $2 {[#]} (36. f4) 36... Qxh5 {Black is clearly winning.} 37. Qd1 Qxf3 38. Qd8+ Kg7 {Accuracy: White = 27%, Black = 64%.} 0-1

[Event "Charlotte Fall-IM 2019"]
[Site "Charlotte"]
[Date "2019.11.30"]
[Round "5.4"]
[White "Arribas Lopez, Angel"]
[Black "Furfine, Jacob"]
[Result "1/2-1/2"]
[WhiteElo "2436"]
[BlackElo "2302"]
[Annotator "TA"]
[PlyCount "37"]
[EventDate "2019.11.28"]
[EventType "tourn"]
[EventCountry "USA"]
[SourceTitle "playchess.com"]
[Source "ChessBase"]
[SourceQuality "1"]

{[%evp 9,37,6,5,-8,-2,-8,3,-9,-12,-10,0,-22,-22,-25,17,0,6,7,3,10,11,-10,3,0,16,-11,-14,-19,-19,-22]} 1. c4 e6 2. Nf3 Nf6 3. Nc3 d5 4. e3 g6 (4... b6 5. Qa4+ c6 6. Be2 Bd6 7. d3 O-O 8. e4 dxe4 9. dxe4 Qc7 10. c5 bxc5 11. O-O Nbd7 12. g3 Ne5 {0-1 (34) Firouzja,A (2702)-Ding,L (2811) Khanty-Mansiysk 2019}) 5. cxd5 exd5 6. b3 $146 {A17: English Opening: 1...Nf6 with ...Bb4} ({Predecessor:} 6. d4 Bg7 7. Bd3 O-O 8. Qb3 a6 9. O-O Nc6 10. Ne5 Ne7 11. Bd2 c6 12. Ne2 {1-0 (32) Benning,M (1531)-Nadrowski,J (1643) Dortmund 2011}) 6... c6 7. Bb2 Bg7 8. d4 O-O 9. Bd3 Bg4 10. Qc2 Nbd7 {[%cal Bb8d7,Bd7b6,Bb6c8,Bc8e7][%mdl 32]} 11. Nd2 Nb6 12. O-O {The position is equal.} Nc8 13. Rae1 Ne7 14. f3 Be6 15. b4 Rc8 16. Nb3 b6 17. Qf2 Ne8 18. Rd1 f5 19. Ne2 {Accuracy: White = 32%, Black = 47%.} 1/2-1/2

[Event "Charlotte Fall-IM 2019"]
[Site "Charlotte"]
[Date "2019.11.30"]
[Round "5.5"]
[White "Tsay, Vincent"]
[Black "Drozdowski, Kacper"]
[Result "1-0"]
[WhiteElo "2300"]
[BlackElo "2467"]
[Annotator "TA"]
[PlyCount "41"]
[EventDate "2019.11.28"]
[EventType "tourn"]
[EventCountry "USA"]
[SourceTitle "playchess.com"]
[Source "ChessBase"]
[SourceQuality "1"]

{[%evp 10,41,3,10,13,5,43,51,63,56,70,70,55,62,71,31,281,266,278,247,338,341,341,333,552,553,561,554,1165,1101,29976,29977,29972,29961]} 1. d4 Nf6 2. Nf3 b5 3. g3 Bb7 4. Bg2 e6 5. O-O c5 6. c3 a6 {A46: 1 d4 Nf6 2 Nf3 e6: Torre, London and Colle Systems} (6... Na6 7. Bg5 Be7 8. Nbd2 O-O 9. e3 h6 10. Bxf6 Bxf6 11. Qe2 cxd4 12. cxd4 Qb6 13. Rfc1 Rfc8 14. Ne1 Bxg2 15. Kxg2 Nb4 16. a3 Nc6 17. Ne4 {½-½ (44) Georgiev,K (2581)-Ponkratov,P (2644) Mali Losinj 2019}) 7. a4 Qb6 8. dxc5 Qxc5 {White is slightly better.} 9. b4 $146 ({Predecessor:} 9. Nbd2 b4 10. Nb3 Qc8 11. cxb4 Bxb4 12. Bd2 Bxd2 13. Qxd2 Bd5 14. Rfc1 Nc6 15. Ne5 {1-0 (34) Jovanovic,S (2312)-Jovic,A (2389) Belgrade 2007}) 9... Qc8 10. axb5 axb5 11. Rxa8 Bxa8 12. Na3 Qxc3 $2 ({Black should play} 12... Bc6 $14) 13. Nxb5 $18 Qc6 {[#]} 14. Qa4 $1 {Bf4 is the strong threat.} Nd5 15. Nfd4 Qa6 16. Qc2 {aiming for Bxd5.} Bc6 $2 (16... Nc6 17. Bxd5 Nxd4) 17. Bxd5 {Hoping for Nc7+.} Bxb5 18. Qc7 Nc6 19. Bxc6 dxc6 20. Nxb5 cxb5 21. Rd1 {Accuracy: White = 88%, Black = 21%.} 1-0

[Event "Charlotte Fall-IM 2019"]
[Site "Charlotte"]
[Date "2019.11.30"]
[Round "6.1"]
[White "Francisco, Richard"]
[Black "Arribas Lopez, Angel"]
[Result "1/2-1/2"]
[WhiteElo "2281"]
[BlackElo "2436"]
[Annotator "RC"]
[PlyCount "48"]
[EventDate "2019.11.28"]
[EventType "tourn"]
[EventCountry "USA"]
[SourceTitle "playchess.com"]
[Source "ChessBase"]
[SourceQuality "1"]
[TimeControl "5400+30"]

1. e4 {[%emt 1:30:30]} g6 {[%emt 1:30:30]} 2. d4 {[%emt 0:00:30]} Bg7 {[%emt 0:00:30]} 3. Be3 {[%emt 0:00:30]} d6 {[%emt 0:00:30]} 4. Nc3 {[%emt 0:00:30]} Nf6 {[%emt 0:00:30]} 5. f3 {[%emt 0:00:30]} c6 {[%emt 0:00:30]} 6. Qd2 {[%emt 0:00:30]} b5 {[%emt 0:00:30]} 7. a4 {[%emt 0:00:30]} b4 {[%emt 0:00:30]} 8. Nd1 {[%emt 0:00:30]} a5 {[%emt 0:00:30]} 9. Bd3 {[%emt 0:00:30]} Nbd7 {[%emt 0:00:30]} 10. Ne2 {[%emt 0:00:30]} e5 {[%emt 0:00:30]} 11. c3 {[%emt 0:00:30]} c5 {[%emt 0:00:30]} 12. d5 {[%emt 0:00:30]} h5 {[%emt 0:00:30]} 13. Bb5 {[%emt 0:00:30]} O-O {[%emt 0:00:30]} 14. Bg5 {[%emt 0:00:30]} Qc7 {[%emt 0:00:30]} 15. Rc1 {[%emt 0:00:30]} Nh7 {[%emt 0:00:30]} 16. Be7 {[%emt 0:00:30]} Re8 {[%emt 0:00:30]} 17. Bh4 {[%emt 0:00:30]} Ba6 {[%emt 0:00:30]} 18. Bxa6 {[%emt 0:00:30]} Rxa6 {[%emt 0:00:30]} 19. c4 {[%emt 0:00:30]} Bf6 {[%emt 0:00:30]} 20. Bxf6 {[%emt 0:00:30]} Ndxf6 {[%emt 0:00:30]} 21. b3 {[%emt 0:00:30]} Kg7 {[%emt 0:00:30]} 22. Ne3 {[%emt 0:00:30]} h4 {[%emt 0:00:30]} 23. Ng1 {[%emt 0:00:30]} Qd8 {[%emt 0:00:30]} 24. Nh3 {[%emt 0:00:30]} Nh5 {[%emt 0:00:30]} 1/2-1/2

[Event "Charlotte Fall-IM 2019"]
[Site "Charlotte"]
[Date "2019.11.30"]
[Round "6.2"]
[White "Furfine, Jacob"]
[Black "Tsay, Vincent"]
[Result "0-1"]
[WhiteElo "2302"]
[BlackElo "2300"]
[Annotator "TA"]
[PlyCount "106"]
[EventDate "2019.11.28"]
[EventType "tourn"]
[EventCountry "USA"]
[SourceTitle "playchess.com"]
[Source "ChessBase"]
[SourceQuality "1"]

{[%evp 9,114,-27,-27,-27,-24,-33,-27,-27,-27,-25,-18,-22,-22,-42,-34,-34,-36,-38,-31,-25,-10,-16,-6,-11,0,-17,-5,-20,-5,-21,0,-18,-15,-10,-10,-14,-10,-18,-10,-26,-28,-23,-14,-51,-49,-52,-49,-87,-79,-164,-79,-90,-74,-78,-88,-120,-91,-116,-40,-1108,-1150,-1157,-1157,-1050,-1115,-1004,-570,-506,-352,-360,-354,-355,-355,-346,-344,-376,-376,-418,-408,-393,-365,-421,-428,-423,-406,-442,-427,-450,-460,-518,-490,-505,-448,-528,-523,-554,-554,-554,-552,-1003,-970,-972,-947,-5399,-674,-649,-579]} 1. d4 d5 2. Bf4 c5 3. e3 Nc6 4. Nc3 (4. c3 Bf5 5. Nd2 e6 6. Qb3 Qd7 7. Ngf3 c4 8. Qd1 Nf6 9. Be2 Be7 10. h3 h6 11. O-O b5 12. a4 {½-½ (52) Matuszewski,M (2518)-Wojtaszek,R (2739) Katowice 2019}) 4... a6 5. dxc5 e5 6. Bg3 {D00: 1 d4 d5: Unusual lines} Be6 7. Nf3 f6 8. Na4 {Black has an edge.} Bxc5 {[%mdl 64] Decoy} 9. Nxc5 Qa5+ {[%mdl 64] Double Attack} 10. c3 Qxc5 11. Be2 Nge7 12. h3 $146 O-O 13. O-O Rad8 14. Bh2 Ng6 15. a4 Nce7 {[%cal Bc6e7,Be7f5,Bf5d6,Bd6e4][%mdl 32]} 16. Qb3 Qc8 17. Qa3 Nf5 18. Rfd1 Nd6 19. Bf1 Ne4 20. Qb3 Rd7 21. Qc2 Nd6 22. a5 Qe8 23. Nd2 Qf7 24. b3 Rc8 25. Qb2 Nh4 26. Ra4 Qh5 27. Rc1 Rcd8 28. Kh1 {[#]} Ne4 $1 $36 {[%mdl 2560] White is under strong pressure.} 29. Nb1 (29. Nxe4 $17 dxe4 30. Qe2) 29... Qg5 (29... g5 $19 {is more deadly.} 30. Bg3 g4) 30. Qe2 d4 31. cxd4 exd4 {...d3 is the strong threat.} 32. Bf4 d3 33. Qe1 Qg6 (33... Qf5 $17 {Threatens to win with ...d2.} 34. Nd2 Nxd2 35. Qxd2 Ng6) 34. f3 $2 {[%mdl 8192] [#]} (34. Nd2 $15 Nxd2 35. Qxd2) 34... Nxg2 $1 $19 {[%mdl 512]} 35. Bxg2 d2 36. Nxd2 Rxd2 {[%csl Gd2][%cal Rg6g2]} ({Not} 36... Nxd2 37. Rd4 $17) 37. Qf1 Nf2+ 38. Kh2 Bxh3 39. Rd4 R2xd4 40. exd4 Qxg2+ 41. Qxg2 Bxg2 42. Bc7 Rxd4 43. Kxg2 {[%mdl 4096] Endgame KRB-KRN} Nd3 44. Rc3 Nb4 45. Bb6 Rd2+ 46. Kg3 Nc6 47. b4 {White hopes to continue with b5!} Rd5 {Black is clearly winning.} 48. Rc4 Kf7 49. Kf4 h5 50. Kg3 Rf5 51. Rc1 g5 52. Rd1 Ne5 53. Rf1 h4+ {Played: Rf5-f4} 0-1

[Event "Charlotte Fall-IM 2019"]
[Site "Charlotte"]
[Date "2019.11.30"]
[Round "6.3"]
[White "Gauri, Shankar"]
[Black "Drozdowski, Kacper"]
[Result "1/2-1/2"]
[WhiteElo "2340"]
[BlackElo "2467"]
[Annotator "RC"]
[PlyCount "45"]
[EventDate "2019.11.28"]
[EventType "tourn"]
[EventCountry "USA"]
[SourceTitle "playchess.com"]
[Source "ChessBase"]
[SourceQuality "1"]
[TimeControl "5400+30"]

1. Nf3 {[%emt 1:30:30]} d5 {[%emt 1:30:30]} 2. g3 {[%emt 0:00:30]} Bg4 {[%emt 0:00:30]} 3. Bg2 {[%emt 0:00:30]} Nd7 {[%emt 0:00:30]} 4. h3 {[%emt 0:00:30]} Bxf3 {[%emt 0:00:30]} 5. Bxf3 {[%emt 0:00:30]} Ngf6 {[%emt 0:00:30]} 6. d3 {[%emt 0:00:30]} c6 {[%emt 0:00:30]} 7. O-O {[%emt 0:00:30]} e5 {[%emt 0:00:30]} 8. c4 {[%emt 0:00:30]} dxc4 {[%emt 0:00:30]} 9. dxc4 {[%emt 0:00:30]} Qc7 {[%emt 0:00:30]} 10. Nc3 {[%emt 0:00:30]} Bc5 {[%emt 0:00:30]} 11. Bg2 {[%emt 0:00:30]} O-O {[%emt 0:00:30]} 12. Qc2 {[%emt 0:00:30]} Rad8 {[%emt 0:00:30]} 13. Na4 {[%emt 0:00:30]} Be7 {[%emt 0:00:30]} 14. Be3 {[%emt 0:00:30]} Nb6 {[%emt 0:00:30]} 15. Rfd1 {[%emt 0:00:30]} Nfd7 {[%emt 0:00:30]} 16. Rd2 {[%emt 0:00:30]} Nxa4 {[%emt 0:00:30]} 17. Qxa4 {[%emt 0:00:30]} Nc5 {[%emt 0:00:30]} 18. Qc2 {[%emt 0:00:30]} Rxd2 {[%emt 0:00:30]} 19. Bxd2 {[%emt 0:00:30]} Rd8 {[%emt 0:00:30]} 20. Bc3 {[%emt 0:00:30]} g6 {[%emt 0:00:30]} 21. Rd1 {[%emt 0:00:30]} Rxd1+ {[%emt 0:00:30]} 22. Qxd1 {[%emt 0:00:30]} Qd6 {[%emt 0:00:30]} 23. Qxd6 {[%emt 0:00:30]} 1/2-1/2

[Event "Charlotte Fall-IM 2019"]
[Site "Charlotte"]
[Date "2019.11.30"]
[Round "6.4"]
[White "Shen, Christopher"]
[Black "Martin Del Campo C., Roberto"]
[Result "1/2-1/2"]
[WhiteElo "2306"]
[BlackElo "2314"]
[Annotator "TA"]
[PlyCount "109"]
[EventDate "2019.11.28"]
[EventType "tourn"]
[EventCountry "USA"]
[SourceTitle "playchess.com"]
[Source "ChessBase"]
[SourceQuality "1"]

{[%evp 17,109,0,9,19,24,-2,42,46,41,-7,10,0,40,37,41,10,33,17,27,14,27,0,0,0,2,0,-8,-9,0,0,0,-5,0,0,0,0,0,-2,32,33,43,40,25,28,12,14,26,8,89,97,92,55,55,47,47,47,45,53,37,8,8,8,8,0,0,0,0,0,0,0,0,0,0,0,0,0,0,0,0,0,0,0,0,0,0,0,0,0,0,0,0,0,0,0]} 1. c4 g6 2. g3 Bg7 3. Bg2 d6 4. Nc3 e5 5. d3 f5 6. e4 Nh6 7. Nge2 O-O 8. O-O Nc6 9. Nd5 Be6 10. Rb1 {A26: English Opening vs King's Indian with ...Nc6 and d3} Qd7 11. Bg5 $146 ({Predecessor:} 11. f3 Nf7 12. b4 Ne7 13. b5 {½-½ (13) Semcesen,D (2460)-Gleizerov,E (2566) Stockholm 2009}) 11... Kh8 12. Qd2 {White is slightly better.} Ng8 13. b4 Nd8 14. exf5 gxf5 15. b5 c6 16. bxc6 bxc6 17. Ndc3 Nf7 18. Be3 Nf6 19. Rb4 Ng4 20. Rfb1 Nxe3 21. fxe3 Nd8 22. d4 a5 23. Ra4 Qa7 24. Kh1 Bd7 25. d5 cxd5 26. Nb5 Qc5 27. Qxd5 Bc6 28. Qxc5 dxc5 29. Bxc6 Nxc6 30. Nc7 Rab8 31. Rb5 Rfd8 32. Nc3 ({Don't blunder} 32. Rxc5 $2 Rd1+ 33. Kg2 {[#]} Rb2 $1 $19 {[%mdl 512]}) 32... e4 (32... f4 $11) 33. N3d5 $16 Ne5 34. Raxa5 {aiming for Ne6.} (34. Kg2 {is interesting.} Bf8 35. Kh3 Bh6 36. Rxb8 Rxb8 37. Ne6) 34... Nxc4 35. Rxb8 Rxb8 36. Rxc5 Nxe3 $1 {[%mdl 64] [#] Decoy} 37. Nxe3 Bd4 38. Rb5 Rxb5 {The position is equal.} 39. Nxb5 Bxe3 $11 {[%mdl 4096] Endgame KB-KN} 40. a4 {Hoping for a5.} Bb6 $1 41. Kg2 {Black must now prevent Nd6.} Kg7 42. Nc3 Kf7 43. Nd5 Bd8 44. Nb4 Ke6 45. Kf2 Bb6+ 46. Ke2 Kd6 47. Nc2 Kd5 48. Ne3+ Bxe3 49. Kxe3 {K3P-K3P} h5 50. h3 Kc4 51. g4 fxg4 52. hxg4 hxg4 {( -> ...g3)} 53. Kxe4 Kb4 54. Kf4 Kxa4 55. Kxg4 {Accuracy: White = 60%, Black = 66%.} 1/2-1/2

[Event "Charlotte Fall-IM 2019"]
[Site "Charlotte"]
[Date "2019.11.30"]
[Round "6.5"]
[White "Zhou, Liran"]
[Black "Jacobson, Aaron"]
[Result "0-1"]
[WhiteElo "2314"]
[BlackElo "2301"]
[Annotator "TA"]
[PlyCount "30"]
[EventDate "2019.11.28"]
[EventType "tourn"]
[EventCountry "USA"]
[SourceTitle "playchess.com"]
[Source "ChessBase"]
[SourceQuality "1"]

{[%evp 14,150,32,26,14,10,31,15,30,3,6,5,13,-2,3,-799,271,2,2975,-12,-13,-14,-16,-22,-15,-16,-16,-26,-30,-37,-37,-25,-33,-33,-16,-117,-117,-112,-108,-108,-108,-106,-101,-96,-99,-102,0,0,0,0,0,0,0,0,0,0,0,-8,-8,-8,-8,-7,-8,-8,-8,-8,0,0,0,-4,0,0,0,-8,0,-8,-8,-8,-8,-8,-8,-8,-8,-8,-8,-8,-8,-1102,-1102,-1058,-1047,-874,-931,-952,-945,-864,-864,-699,-585,-263,-14,-5077,-89,-89,-14,-14,-14,-14,-14,-21,-21,-29,-29,-29977,-8,-8,0,-29977,-29978,-29976,-29977,-29979,-29980,-29982,-29983,-29983,-29984,-29984,-29982,-29982,-29983,-29989,-29989,-29989,-29988,-29996,-29997,-29997,-5525]} 1. e4 e5 2. Nf3 Nc6 3. Bb5 g6 4. O-O Bg7 5. c3 a6 6. Ba4 b5 7. Bb3 Nge7 8. d4 exd4 {C60: Ruy Lopez: Unusual Black 3rd moves and 3...g6} 9. cxd4 Na5 (9... d6 10. d5 Na5 11. Bc2 c5 12. Nc3 O-O 13. h3 {1-0 (86) Nakamura,H (2761)-Nepomniachtchi,I (2773) Abidjan 2019}) 10. Bc2 d6 {The position is equal.} 11. h3 O-O 12. Nc3 c5 13. dxc5 dxc5 14. Qd5 $146 {[%mdl 8192]} (14. Bg5 $11 Qc7 15. Qc1) ({Predecessor:} 14. Qxd8) 14... Qd7 $4 {[%mdl 8192]} (14... Nxd5 $19 15. Nxd5 Nc4) 15. Qxd7 $2 ({But not} 15. Qxc5 $6 Qa7 $16) (15. Qxa8 $18 Nac6 16. Rd1) 15... Bxd7 {Played: Rf8-e8} 0-1